Innovations in classification, data science, and information systems : (Record no. 30436)

MARC details
000 -LEADER
fixed length control field 01830cam a2200421 i 4500
001 - CONTROL NUMBER
control field 13741912
003 - CONTROL NUMBER IDENTIFIER
control field EG-ScBUE
005 - DATE AND TIME OF LATEST TRANSACTION
control field 20230522110006.0
008 - FIXED-LENGTH DATA ELEMENTS--GENERAL INFORMATION
fixed length control field 041006t2005 gw a f b 101 0 eng d
020 ## - INTERNATIONAL STANDARD BOOK NUMBER
International Standard Book Number 3540232214 (pbk.)
020 ## - INTERNATIONAL STANDARD BOOK NUMBER
International Standard Book Number 9783540232216
035 ## - SYSTEM CONTROL NUMBER
System control number (OCoLC)ocm57333304
040 ## - CATALOGING SOURCE
Original cataloging agency OHX
Language of cataloging eng
Description conventions rda
Transcribing agency OHX
Modifying agency ZCU
-- DLC
-- EG-ScBUE
082 04 - DEWEY DECIMAL CLASSIFICATION NUMBER
Edition number 22
Classification number 519.5
Item number INN
110 2# - MAIN ENTRY--CORPORATE NAME
Corporate name or jurisdiction name as entry element Gesellschaft für Klassifikation.
Subordinate unit Jahrestagung
Number of part/section/meeting (27th :
Date of meeting or treaty signing 2003 :
Location of meeting Brandenburgische Technische Universität Cottbus)
245 00 - TITLE STATEMENT
Title Innovations in classification, data science, and information systems :
Remainder of title proceedings of the 27th annual conference of the Gesellschaft für Klassifikation e.V., Brandenburg University of Technology, Cottbus, March 12-14, 2003 /
Statement of responsibility, etc Daniel Baier, Klaus-Dieter Wernecke, editors.
264 #1 - PUBLICATION, DISTRIBUTION, ETC. (IMPRINT)
Place of publication, distribution, etc Berlin :
Name of publisher, distributor, etc Springer-Verlag,
Date of publication, distribution, etc [2005]
264 #4 - PUBLICATION, DISTRIBUTION, ETC. (IMPRINT)
Date of publication, distribution, etc c2005
300 ## - PHYSICAL DESCRIPTION
Extent xii, 616 pages :
Other physical details illustrations ;
Dimensions 24 cm
336 ## - CONTENT TYPE
Source rdacontent
Content type term text
Content type code txt
337 ## - MEDIA TYPE
Source rdamedia
Media type term unmediated
Media type code n
338 ## - CARRIER TYPE
Source rdacarrier
Carrier type term volume
Carrier type code nc
504 ## - BIBLIOGRAPHY, ETC. NOTE
Bibliography, etc Includes bibliographical references and index.
650 #7 - SUBJECT ADDED ENTRY--TOPICAL TERM
Topical term or geographic name as entry element Statistics
Form subdivision Congresses.
Source of heading or term BUEsh
650 #7 - SUBJECT ADDED ENTRY--TOPICAL TERM
Topical term or geographic name as entry element Classification
Form subdivision Congresses.
Source of heading or term BUEsh
650 #7 - SUBJECT ADDED ENTRY--TOPICAL TERM
Topical term or geographic name as entry element Information storage and retrieval systems
Form subdivision Congresses.
Source of heading or term BUEsh
650 #7 - SUBJECT ADDED ENTRY--TOPICAL TERM
Topical term or geographic name as entry element Data mining
Form subdivision Congresses.
Source of heading or term BUEsh
653 ## - INDEX TERM--UNCONTROLLED
Resource For college Generalities
655 ## - INDEX TERM--GENRE/FORM
Form subdivision Reading book
700 1# - ADDED ENTRY--PERSONAL NAME
Personal name Baier, Daniel,
Dates associated with a name 1962-
Relator term editor.
700 1# - ADDED ENTRY--PERSONAL NAME
Personal name Wernecke, Klaus-Dieter,
Relator term editor.
856 41 - ELECTRONIC LOCATION AND ACCESS
Materials specified Table of contents
Uniform Resource Identifier <a href="http://www.loc.gov/catdir/toc/fy055/2004114682.html">http://www.loc.gov/catdir/toc/fy055/2004114682.html</a>
856 42 - ELECTRONIC LOCATION AND ACCESS
Materials specified Publisher description
Uniform Resource Identifier <a href="http://www.loc.gov/catdir/enhancements/fy0823/2004114682-d.html">http://www.loc.gov/catdir/enhancements/fy0823/2004114682-d.html</a>
906 ## - LOCAL DATA ELEMENT F, LDF (RLIN)
a 7
b cbc
c pccadap
d 2
e epcn
f 20
g y-gencatlg
942 ## - ADDED ENTRY ELEMENTS (KOHA)
Source of classification or shelving scheme Dewey Decimal Classification
Koha item type Book - Borrowing
Holdings
Withdrawn status Lost status Source of classification or shelving scheme Damaged status Not for loan Collection code Home library Current library Shelving location Date acquired Source of acquisition Total Checkouts Full call number Barcode Date last seen Price effective from Koha item type
    Dewey Decimal Classification     Donation-Gift Central Library Central Library First floor 22/05/2023 Donation   519.5 INN 000056718 15/07/2025 22/05/2023 Book - Borrowing